Sports Quiz

Random Sports Quiz

Maple Leaf Goalies since 1990 Quiz Stats

 Plays Quiz not verified by Sporcle

Challenge
Share
Tweet
Embed
Score 0/26 Timer 10:00
0 Plays Today
Goalie % Correct
Curtis Joseph
93.7%
Ed Belfour
90.9%
Felix Potvin
89.6%
Vesa Toskala
77.1%
Andrew Raycroft
73%
Jonas Gustavsson
55.7%
Grant Fuhr
53%
Glenn Healy
47.9%
Trevor Kidd
45.5%
Jean-Sebastien Aubin
41.2%
Justin Pogge
40.2%
Peter Ing
36%
Tom Barrasso
35.2%
Goalie % Correct
Damian Rhodes
33%
Allan Bester
32.9%
Mikael Tellqvist
32.6%
Martin Gerber
32.5%
Daren Puppa
29.3%
Corey Schwab
27.5%
Scott Clemmensen
21.3%
Joey Macdonald
20.4%
Jeff Reese
18.8%
Don Beaupre
17.9%
Rick Wamsley
16.7%
Marcel Cousineau
15.2%
Sebastien Centomo
13.3%

You're not logged in!

Compare scores with friends on all Sporcle quizzes.
OR
Log In

You Might Also Like...

Show Comments

Extras

Top Quizzes Today


Score Distribution

Your Account Isn't Verified!

In order to create a playlist on Sporcle, you need to verify the email address you used during registration. Go to your Sporcle Settings to finish the process.

Report this User

Report this user for behavior that violates our Community Guidelines.

Details: